000 00790nab a2200193 4500
001 244442
003 OSt
005 20230512134023.0
007 tu
008 200917s2020|||||||
040 _aDE-2950
_cDE-2950
245 0 0 _aPreisträgerin setzt sich für eine dritte Oberschule ein.
_bBildung. Kerstin Reinhardt, Leiterin der Hutten-Oberschule - der größten im Land Brandenburg - ist mit der Leopoldmedaille ausgezeichnet worden. Sie nutzte die Gelegenheit, um auf ein besonderes Anliegen aufmerksam zu machen /
_cThomas Gutke
264 _c2023
653 _aFrankfurt (Oder)
653 _aReinhardt, Kerstin; Lehrerin, Schulleiterin
653 _aOberschule Ullrich von Hutten
773 0 _g34. Jahrgang (2023) Nr. 109 vom 11.05.2023, S. 13
_tMärkische Oderzeitung
942 _2z
_cA
999 _c372439
_d372439